EU Masters Champions - Statistiques

Statistiques générales
  • Ce quiz a été pris 92 fois
    22 depuis la dernière actualisation
  • Le résultat moyen est 16 sur 72
Statistiques - réponses
Réponse % Correct
Karmine Corp
100%
Los Ratones
85%
Rekkles
77%
Saken
77%
Targamas
77%
Adam
69%
Cabochard
69%
xMatty
69%
113
62%
Caliste
54%
Cinkrof
54%
Team Heretics
54%
Hantera
46%
Nemesis
46%
Baus
38%
BDS Academy
38%
Crownshot/Crownie
38%
AGO Rogue
31%
LDLC OL
31%
Mad Lions
31%
Misfits
31%
Vetheo
31%
BIG
23%
Carzzy
23%
Origen
23%
SkewMond
23%
Trymbi
23%
Velja
23%
Whiteinn
23%
BAO
15%
Istanbul Wildcats
15%
JNX
15%
Lider
15%
Neon
15%
Parus
15%
Reeker
15%
Szygenda
15%
Tynx
15%
Zanzarah
15%
Zwyroo
15%
Dan Dan
8%
Eintracht Spandau
8%
Falco
8%
Forg1ven
8%
Froggen
8%
iBo
8%
Jackspektra
8%
Labrov
8%
PowerOfEvil
8%
Selfmade
8%
Whiteknight
8%
Yellowstar
8%
Zazee
8%
Bando
0%
Bluerzor
0%
Czekolad
0%
Destroy
0%
Don Arts
0%
Elramir
0%
Expect
0%
Funk3y
0%
H1lva
0%
Hades
0%
inSec
0%
Jesiz
0%
Keduii
0%
Kofte
0%
Lilipp
0%
Obsess
0%
Vertrigo
0%
Werylb
0%
Woolite
0%
Aucun quiz correspondant
Distribution des résultats
% des personnes avec chaque résultat
Percentile par nombre de réponses
Votre historique - résultats
Vous n’avez pas pris ce quiz depuis la dernière actualisation